000 01360cam a22003497a 4500
003 CHAP
005 20220329142726.0
008 030307d2002 mx r 00110 spa d
010 _a86911
011 _a87883
035 _a98427
040 _cCHAP
090 _aTesis
100 0 0 _aCruz Contreras, Andrés Cuauhtémoc.
_929335
245 1 3 _aLa construcción de la matriz de contabilidad social aplicada a Calpulálpam de Méndez, Oaxaca y su utilización en el diseño de la política económica regional
_c/por Andrés Cuahutémoc Cruz Contreras
260 _aChapingo, Méx. :
_bEl autor,
_c2002.
300 _a135 h.
502 _aTesis (Dr. en Ciencias en Economía Agrícola) -- UACH. División de Ciencias Económico-Administrativas
590 _aALEPH
_b10
_c20130110
_lUCH01
_h1452
590 _aBATCH-UPD
_b10
_c20130110
_lUCH01
_h1622
590 _aBATCH-UPD
_b10
_c20130410
_lUCH01
_h1016
590 _aBATCH-UPD
_b10
_c20130914
_lUCH01
_h1147
590 _aCONVERSION
_b10
_c20130109
_lUCH01
_h1348
650 1 4 _aDesarrollo de la comunidad rural
_zOaxaca.
_932043
650 1 4 _aMatrices.
_973047
650 1 4 _aModelos econométricos.
_976416
901 _aBK
905 _aMayto Villalobos S.
942 _cFOLL
949 _aTesis
_bBC
_cTES
_d33724000883237
_eTS2
_fc.2
_h40418
_i98427
_si
949 _aTesis
_bBC
_cTES
_d98427123
_eTS1
_h40419
_i98427
_sb
999 _c86911
_d86911